000 00842nam a2200265Ia 4500
005 20251020182527.0
008 200515s9999 xx 000 0 und d
082 _a693/P13
100 _aPACHECO ZUÑIGA, Julio
245 0 _aEl maestro de obra : tecnología de la construcción
260 _aLima
260 _c1994
500 _a1 ejemplar
520 _aSe ha organizado y desarrollado los temas en forma tal que reflejan el proceso usual de la construcción de obras: desde el planeamiento y organización de los trabajos hasta el que corresponde a la tecnología del concreto
650 _aALBAÑILERIA
650 _aCIMENTACIONES
650 _aCONCRETO
650 _aCONSTRUCCION
650 _aENCOFRADOS
650 _aFIERRERIA
650 _aLIB
650 _aMAESTRO DE OBRA
650 _aPUB SENCICO
942 _cLIB
999 _c1961
_d1961